header

The cultural identities of European cities (Record no. 110392)

MARC details
000 -LEADER
fixed length control field 01459nam a2200385 a 4500
082 04 - DEWEY DECIMAL CLASSIFICATION NUMBER
Classification number 307.76094
245 04 - TITLE STATEMENT
Title The cultural identities of European cities
260 ## - PUBLICATION, DISTRIBUTION, ETC. (IMPRINT)
Place of publication Oxford ;
-- New York :
Name of publisher Peter Lang,
Year of publication 2011.
300 ## - PHYSICAL DESCRIPTION
Number of Pages vi, 243 p.
490 1# - SERIES STATEMENT
Series statement Cultural identity studies,
650 #0 - SUBJECT ADDED ENTRY--TOPICAL TERM
Topical Term Cities and towns
Topical Term Urbanization
700 1# - ADDED ENTRY--PERSONAL NAME
Personal name Pizzi, Katia.
Personal name Weiss-Sussex, Godela.
856 40 - ELECTRONIC LOCATION AND ACCESS
Uniform Resource Identifier http://site.ebrary.com/lib/rucke/Doc?id=10600353

No items available.

© 2026 Rongo University
Contact us: librarian | system librarian | Rongo university